| 000 | 00711nam a2200265Ia 4500 | ||
|---|---|---|---|
| 003 | OSt | ||
| 005 | 20220927105730.0 | ||
| 006 | a|||||r|||| 00| 0 | ||
| 007 | ta | ||
| 008 | 220926b |||||||| |||| 00| 0 eng d | ||
| 020 | _a9788172521219 | ||
| 024 | _a203689 | ||
| 037 | _cReference Collections | ||
| 040 |
_aRTL _cRTL _beng |
||
| 041 |
_2eng _aeng |
||
| 082 | _a"Y, N8" | ||
| 100 |
_aSARKAR Prabhat Ranjan _9374548 |
||
| 245 | 0 | _aHuman Society | |
| 250 | _a4th | ||
| 260 |
_a"Kolkata," _b"Ananda Marga Publications, " _c1998 |
||
| 300 |
_a"ix,137p." _ccm. |
||
| 500 | _aBibliography: P 507-81 | ||
| 942 |
_h"Y, N8" _cCC |
||
| 999 |
_c694224 _d694224 |
||